| 000 | 01525nas a22003017a 4500 | ||
|---|---|---|---|
| 001 | 77439 | ||
| 003 | BD-RjUL | ||
| 005 | 20211209082954.0 | ||
| 008 | 200914c20199999bg |u||| b||| 00| mul d | ||
| 035 | _a(BD-RjUL)77664 | ||
| 040 |
_aBD-RjUL _cBD-RjUL _beng/ben |
||
| 041 | _aben/eng | ||
| 082 |
_223 _a891.4405 _bMUR Vol.1, no. 1 2019 |
||
| 110 |
_aমুরারিচাঁদ কলেজ, সিলেট _9241407 |
||
| 245 |
_aমুরারিচাঁদ কলেজ জার্নাল / _cমুরারিচাঁদ কলেজ, সিলেট |
||
| 260 |
_aসিলেট: _bমুরারিচাঁদ কলেজ, _c২০১৯- |
||
| 300 | 0 |
_aখণ্ড ; _c২৪ সেমি. |
|
| 500 | _a"রবীন্দ্রনাথ ও দক্ষিণ এশিয়া সংখ্যা" | ||
| 600 |
_aTagore, Rabindranath, _d1861-1941 _9241405 _xHisrory and Criticism |
||
| 600 |
_aঠাকুর, রবীন্দ্রনাথ _d১৮৬১-১৯১ _xইতিইাস ও সমালোচনা _9241626 |
||
| 650 |
_aBengali literature _xPeriodicals. _9241406 |
||
| 650 |
_aবাংলা সাহিত্য _xসাময়িকী _9241627 |
||
| 710 |
_aমুরারিচাঁদ কলেজ জার্নাল, সিলেট _9241407 |
||
| 942 |
_2ddc _cCR |
||
| 999 |
_c77439 _d77439 |
||